| 000 | 00618nam a2200193Ii 4500 | ||
|---|---|---|---|
| 003 | JO-AjNU | ||
| 008 | 230605s9999||||xx |||||||||||||| ||und|| | ||
| 040 |
_aJO-AjNU _bara _erda _cJO-AjNU |
||
| 041 | _aara | ||
| 050 | 1 | 4 | _aPJ7814.A67 1900 |
| 100 | 3 |
_aتأليف العقاد، عباس محمود, _eauthor _935288 |
|
| 245 | 0 | 0 | _aهذه الشجرة والإنسان الثاني |
| 264 | 3 | 1 | _aالقاهرة:مكتبة غريب،1900 |
| 300 | _a178ص | ||
| 336 |
_atext _btxt _2rdacontent |
||
| 337 |
_aunmediated _bn _2rdamedia |
||
| 338 |
_avolume _bnc _2rdacarrier |
||
| 650 | 4 |
_aالأدب العربي _935289 |
|
| 999 |
_aA14554 _c18122 _d18122 |
||